000 00687nam a2200289Ia 4500
005 20260324131332.0
008 008 260324s9999 xx 000 0 eng d
020 _a9780203967713
037 _aEBOOK
040 _aCRL
040 _beng
040 _cCRL
041 _2eng
041 _aeng
084 _qCRL
100 _aDiane Montgomery
_91158016
245 0 _aSpelling, Handwriting and Dyslexia
245 0 _bOvercoming Barriers to Learning
260 _bTaylor and Francis
260 _c2006
365 _a
365 _b290
856 _uhttp://www.taylorfrancis.com/books/9780203967713
942 _cEBOOK
999 _c1782177
_d1782177